Srimadbhagabatam Canto 7 (Record no. 13654)

MARC details
000 -LEADER
fixed length control field 00360nam a22001457a 4500
003 - CONTROL NUMBER IDENTIFIER
control field OSt
008 - FIXED-LENGTH DATA ELEMENTS--GENERAL INFORMATION
fixed length control field 250611b |||||||| |||| 00| 0 eng d
020 ## - INTERNATIONAL STANDARD BOOK NUMBER
International Standard Book Number 9789386956866
100 ## - MAIN ENTRY--PERSONAL NAME
Personal name SWAMI, Prabhupada
245 ## - TITLE STATEMENT
Title Srimadbhagabatam Canto 7
260 ## - PUBLICATION, DISTRIBUTION, ETC. (IMPRINT)
Place of publication, distribution, etc Mumbai
Name of publisher, distributor, etc The Bhaktivedanta Book Trust
Date of publication, distribution, etc 2021
300 ## - PHYSICAL DESCRIPTION
Extent 649
650 ## - SUBJECT ADDED ENTRY--TOPICAL TERM
Topical term or geographic name as entry element General
942 ## - ADDED ENTRY ELEMENTS (KOHA)
Source of classification or shelving scheme Dewey Decimal Classification
Koha item type Text Books
Holdings
Withdrawn status Lost status Source of classification or shelving scheme Damaged status Not for loan Collection code Home library Current library Date acquired Total Checkouts Full call number Acc. no. / Barcode Date last seen Bill Date Koha item type
    Dewey Decimal Classification     Book Club and Indian Knowledge System PIET C-LIBRARY PIET C-LIBRARY 16/04/2025   294.5924 SWS K106 11/06/2025 16/04/2025 Text Books

Design & Developed by: PIET Central Library
R70 Miles Stone Pattikalyana Samalkha Panipat 132102
mail ID :- [email protected], Phone No:- 0180-2569700 Ex.216